[Event "Turkey Cup 2020"]
[Site "Antalya-Belek"]
[Date "2020.01.30"]
[Round "8.102"]
[White "Kilic, Emrah"]
[Black "Zavalsiz, Adem"]
[Result "0-1"]
[WhiteElo "1478"]
[BlackElo "1559"]
[Annotator "NA"]
[PlyCount "204"]
[EventDate "2020.01.26"]
[EventType "swiss"]
[EventCountry "TUR"]
[SourceTitle "playchess.com"]
[Source "ChessBase"]
[SourceQuality "1"]

1. d4 Nf6 2. Nf3 d5 3. c4 e6 4. Nc3 c6 5. Bg5 Be7 6. e3 h6 7. Bh4 Nbd7 8. Bd3 O-O 9. O-O Re8 10. Rc1 Nf8 11. Ne5 dxc4 12. Bxc4 Nd5 13. Bxe7 Qxe7 14. Bd3 Rd8 15. Ne4 Bd7 16. Qb3 Be8 17. Nc5 Rab8 18. a3 f6 19. Nf3 Bf7 20. Qc2 Rbc8 21. b4 b6 22. Nb3 Qb7 23. Qe2 Qe7 24. Qb2 Bg6 25. Bxg6 Nxg6 26. Rfd1 Nf8 27. Rc4 Qb7 28. Rdc1 Rc7 29. Nbd2 Rdc8 30. Ne4 Rd8 31. Nc3 Rdc8 32. Nd2 b5 33. Nxd5 exd5 34. R4c3 f5 35. Nb3 Ne6 36. Qc2 g6 37. Na5 Qb6 38. Qd2 Nd8 39. R1c2 Kg7 40. f3 Re7 41. Qc1 Re6 42. Kf2 f4 43. Qd2 Nb7 44. Nxb7 fxe3+ 45. Rxe3 Rxe3 46. Qxe3 Qxb7 47. Qe5+ Kh7 48. Re2 Rc7 49. Qf6 Rf7 50. Qd6 Qb6 51. Qc5 Qc7 52. h3 Qd7 53. Rc2 Rf6 54. a4 a6 55. axb5 axb5 56. Ra2 Qe6 57. Re2 Qg8 58. Re7+ Kh8 59. Rc7 Qe8 60. Qe7 Qxe7 61. Rxe7 Kg8 62. g4 g5 63. Kg3 Kf8 64. Re3 Kf7 65. h4 Rf4 66. Rd3 Ke6 67. hxg5 hxg5 68. Kf2 Rf8 69. Re3+ Kf6 70. Ra3 Ke6 71. Ra7 Rg8 72. Kg3 Rg6 73. Rc7 Kd6 74. Rf7 Ke6 75. Rf5 Rg7 76. f4 gxf4+ 77. Kxf4 Ra7 78. Re5+ Kd6 79. Re3 Ra1 80. g5 Rd1 81. g6 Rxd4+ 82. Kf5 Rd1 83. Rg3 Rf1+ 84. Kg5 Rf8 85. g7 Rg8 86. Kf6 c5 87. Kf7 Rxg7+ 88. Rxg7 c4 89. Rg5 c3 90. Kf6 c2 91. Rg1 d4 92. Rg5 d3 93. Rg1 Kd5 94. Rc1 Kd4 95. Kf5 Kc3 96. Ke5 d2 97. Rf1 d1=Q 98. Rf4 c1=Q 99. Rf5 Qd4+ 100. Ke6 Qh6+ 101. Ke7 Qdd6+ 102. Ke8 Qhe6# 0-1

[Event "Turkey Cup 2020"]
[Site "Antalya-Belek"]
[Date "2020.01.31"]
[Round "9.1"]
[White "Ozen, Deniz"]
[Black "Yaran, Siar"]
[Result "1-0"]
[WhiteElo "2423"]
[BlackElo "2248"]
[Annotator "TA"]
[PlyCount "51"]
[EventDate "2020.01.26"]
[EventType "swiss"]
[EventCountry "TUR"]
[SourceTitle "playchess.com"]
[Source "ChessBase"]
[SourceQuality "1"]

1. e4 e5 2. Nf3 Nc6 3. Bb5 a6 4. Ba4 Nf6 5. d3 d6 6. c3 Be7 7. O-O O-O 8. Re1 b5 9. Bb3 Re8 10. Ng5 Rf8 11. Nf3 Re8 12. Nbd2 Bf8 13. h3 Be6 14. Bc2 d5 15. Ng5 dxe4 16. Nxe6 Rxe6 17. dxe4 Bc5 18. Qe2 Ne8 19. Nf3 Rg6 20. b4 Bb6 21. a4 Rb8 22. Bb3 Qf6 23. Rd1 Nd6 24. Rd5 Qe6 25. Ng5 Qf6 26. axb5 1-0

[Event "Turkey Cup 2020"]
[Site "Antalya-Belek"]
[Date "2020.01.31"]
[Round "9.2"]
[White "Yilmazyerli, Mert"]
[Black "Citak, Selim"]
[Result "1/2-1/2"]
[WhiteElo "2411"]
[BlackElo "2198"]
[Annotator "TA"]
[PlyCount "49"]
[EventDate "2020.01.26"]
[EventType "swiss"]
[EventCountry "TUR"]
[SourceTitle "playchess.com"]
[Source "ChessBase"]
[SourceQuality "1"]

1. g3 Nf6 2. Bg2 d5 3. d3 g6 4. Nf3 Bg7 5. O-O O-O 6. c3 c5 7. Qa4 Nc6 8. Qh4 Re8 9. e4 d4 10. Bh6 Bxh6 11. Qxh6 Ng4 12. Qd2 e5 13. h3 Nf6 14. c4 Qe7 15. Nh4 Be6 16. Na3 Rab8 17. Nc2 Nd7 18. Qe1 f6 19. f4 Bf7 20. Nf3 a6 21. Qd2 b5 22. b3 bxc4 23. bxc4 Rb2 24. Rfb1 Reb8 25. Qc1 1/2-1/2

[Event "Turkey Cup 2020"]
[Site "Antalya-Belek"]
[Date "2020.01.31"]
[Round "9.4"]
[White "Pektas, Yigit"]
[Black "Isik, Alparslan"]
[Result "1-0"]
[WhiteElo "2155"]
[BlackElo "2328"]
[Annotator "TA"]
[PlyCount "47"]
[EventDate "2020.01.26"]
[EventType "swiss"]
[EventCountry "TUR"]
[SourceTitle "playchess.com"]
[Source "ChessBase"]
[SourceQuality "1"]

1. d4 Nf6 2. Nf3 g6 3. c4 Bg7 4. Nc3 d5 5. e3 O-O 6. cxd5 Nxd5 7. Bc4 Nb6 8. Bb3 c5 9. O-O cxd4 10. exd4 Nc6 11. d5 Na5 12. Bg5 h6 13. Bf4 Nxb3 14. axb3 Bg4 15. h3 Bxf3 16. Qxf3 g5 17. Be3 Bxc3 18. bxc3 Qxd5 19. Qh5 Kg7 20. Rfe1 Nc8 21. h4 f6 22. f4 Rh8 23. Bd4 Qf7 24. Qg4 1-0

[Event "Turkey Cup 2020"]
[Site "Antalya-Belek"]
[Date "2020.01.31"]
[Round "9.5"]
[White "Eren, Ataberk"]
[Black "Karaoglan, Kivanc"]
[Result "1-0"]
[WhiteElo "2274"]
[BlackElo "2123"]
[Annotator "TA"]
[PlyCount "115"]
[EventDate "2020.01.26"]
[EventType "swiss"]
[EventCountry "TUR"]
[SourceTitle "playchess.com"]
[Source "ChessBase"]
[SourceQuality "1"]

1. e4 e6 2. d4 d5 3. Nd2 c5 4. exd5 Qxd5 5. Ngf3 cxd4 6. Bc4 Qd8 7. O-O Nc6 8. Nb3 a6 9. Nbxd4 Nxd4 10. Nxd4 Qc7 11. Bb3 Bd6 12. Re1 Bxh2+ 13. Kh1 Be5 14. Nxe6 Bxe6 15. Bxe6 fxe6 16. Qh5+ g6 17. Qxe5 Qxe5 18. Rxe5 Kf7 19. Rc5 Re8 20. Bg5 Nf6 21. Rd1 Rc8 22. Rxc8 Rxc8 23. c3 Rc7 24. Rd8 e5 25. f3 Ke6 26. Kg1 Nd5 27. Re8+ Kf5 28. Bd8 Rf7 29. g4+ Kf4 30. Kf2 h5 31. gxh5 gxh5 32. Rh8 Rf5 33. Rg8 b5 34. Bh4 Rf7 35. Rh8 e4 36. Rxh5 e3+ 37. Ke2 Rg7 38. Rxd5 Rg2+ 39. Kd1 Rxb2 40. Bg5+ Kxf3 41. Rd3 Rxa2 42. Rxe3+ Kg4 43. Bd8 Kf4 44. Re2 Ra3 45. Kc2 a5 46. Kb2 b4 47. Bf6 a4 48. c4 Rb3+ 49. Kc2 Kf5 50. Bd4 Rh3 51. c5 a3 52. c6 b3+ 53. Kd2 b2 54. c7 b1=Q 55. c8=Q+ Kf4 56. Be5+ Kg5 57. Rg2+ Kh6 58. Qxh3# 1-0

[Event "Turkey Cup 2020"]
[Site "Antalya-Belek"]
[Date "2020.01.31"]
[Round "9.6"]
[White "Bacak, Muhammed Kaan"]
[Black "Yurtseven, Melih"]
[Result "0-1"]
[WhiteElo "2158"]
[BlackElo "2385"]
[Annotator "TA"]
[PlyCount "106"]
[EventDate "2020.01.26"]
[EventType "swiss"]
[EventCountry "TUR"]
[SourceTitle "playchess.com"]
[Source "ChessBase"]
[SourceQuality "1"]

1. Nf3 Nf6 2. g3 b5 3. b3 Bb7 4. Bg2 e6 5. c4 a6 6. Bb2 Be7 7. O-O O-O 8. d3 c5 9. Nbd2 d6 10. e3 Qc7 11. Qe2 Re8 12. Rac1 Nbd7 13. Rfd1 Bc6 14. h3 Qb7 15. Re1 Bf8 16. e4 e5 17. Nf1 a5 18. Ne3 a4 19. Bc3 axb3 20. axb3 Ra3 21. Nd2 b4 22. Bb2 Ra2 23. Rb1 g6 24. Ndf1 Bg7 25. Ra1 Rxa1 26. Rxa1 Nf8 27. Qd1 Ne6 28. Nc2 Nd4 29. Nxd4 cxd4 30. Bc1 Nd7 31. Bd2 Nc5 32. Qc2 f5 33. f3 Qb6 34. Kh1 Rf8 35. g4 Qb7 36. Ng3 fxe4 37. Nxe4 Bxe4 38. dxe4 Ra8 39. Rb1 Ra3 40. Bf1 Qb6 41. Qd1 Qb8 42. Qe1 Rxb3 43. Rxb3 Nxb3 44. Bxb4 Bh6 45. Ba3 Nd2 46. Qd1 Nxf1 47. Qxf1 Kg7 48. c5 dxc5 49. Bxc5 Bf4 50. Qe2 Qb1+ 51. Kg2 d3 52. Qf2 Qc2 53. Bb4 Be3 0-1

[Event "Turkey Cup 2020"]
[Site "Antalya-Belek"]
[Date "2020.01.31"]
[Round "9.7"]
[White "Caglar, Ahmet Ata"]
[Black "Koksal, Ege"]
[Result "0-1"]
[WhiteElo "2065"]
[BlackElo "2368"]
[Annotator "TA"]
[PlyCount "86"]
[EventDate "2020.01.26"]
[EventType "swiss"]
[EventCountry "TUR"]
[SourceTitle "playchess.com"]
[Source "ChessBase"]
[SourceQuality "1"]

1. d4 Nf6 2. Nf3 g6 3. Bg5 Bg7 4. Nbd2 d5 5. e3 O-O 6. Be2 c5 7. c3 Nbd7 8. O-O b6 9. a4 Bb7 10. a5 Ne4 11. a6 Bc6 12. Nxe4 dxe4 13. d5 exf3 14. gxf3 Rc8 15. dxc6 Rxc6 16. Qd5 Ne5 17. Qxd8 Rxd8 18. f4 f6 19. fxe5 fxg5 20. Bb5 Rc7 21. e6 Rd6 22. Rfd1 Be5 23. h3 Kg7 24. Bd7 c4 25. Kg2 Rc5 26. Rxd6 Bxd6 27. Kf3 Kf6 28. Ke4 Rf5 29. Ra4 Rxf2 30. Rxc4 Rxb2 31. Rc8 h5 32. Rg8 g4 33. h4 Be5 34. Rf8+ Kg7 35. Rf7+ Kh6 36. Kxe5 g3 37. Rf1 g5 38. hxg5+ Kxg5 39. Bc6 Rf2 40. Rg1 h4 41. Bg2 Kg4 42. Kd5 Rxg2 43. Rxg2 h3 0-1

[Event "Turkey Cup 2020"]
[Site "Antalya-Belek"]
[Date "2020.01.31"]
[Round "9.8"]
[White "Tarlabasi, Emirhan"]
[Black "Gallevci, Yagiz"]
[Result "1-0"]
[WhiteElo "2274"]
[BlackElo "2186"]
[Annotator "TA"]
[PlyCount "73"]
[EventDate "2020.01.26"]
[EventType "swiss"]
[EventCountry "TUR"]
[SourceTitle "playchess.com"]
[Source "ChessBase"]
[SourceQuality "1"]

1. d4 d5 2. c4 c6 3. e3 Bf5 4. Nc3 e6 5. Nf3 Nd7 6. Bd3 Bxd3 7. Qxd3 Ngf6 8. O-O Be7 9. Rb1 O-O 10. b4 Qc7 11. e4 dxe4 12. Nxe4 Nxe4 13. Qxe4 b5 14. Bf4 Bd6 15. Be5 Bxe5 16. dxe5 bxc4 17. Rbc1 a5 18. a3 axb4 19. axb4 Rfc8 20. Rxc4 Nb6 21. Rc5 Nd5 22. Rfc1 Qb7 23. Ng5 h6 24. Qh7+ Kf8 25. Ne4 Qxb4 26. g3 Ne7 27. Nd6 Ng6 28. R5c4 Qb2 29. Nxc8 Rxc8 30. Re1 Ra8 31. Rce4 Ra2 32. R4e2 Qc3 33. Re3 Qd2 34. Rf1 Qd4 35. h4 Qg4 36. Rd3 Nxh4 37. Qh8+ 1-0

[Event "Turkey Cup 2020"]
[Site "Antalya-Belek"]
[Date "2020.01.31"]
[Round "9.9"]
[White "Ozsakallioglu, Okan"]
[Black "Guven, Oguz Kagan"]
[Result "1/2-1/2"]
[WhiteElo "2272"]
[BlackElo "2143"]
[Annotator "TA"]
[PlyCount "74"]
[EventDate "2020.01.26"]
[EventType "swiss"]
[EventCountry "TUR"]
[SourceTitle "playchess.com"]
[Source "ChessBase"]
[SourceQuality "1"]

1. e4 c5 2. Nf3 d6 3. d4 cxd4 4. Nxd4 Nf6 5. Nc3 a6 6. f3 e5 7. Nb3 Be6 8. Be3 h5 9. Qd2 Nbd7 10. Be2 Be7 11. Nd5 Bxd5 12. exd5 b6 13. c4 O-O 14. O-O a5 15. Rac1 g6 16. Na1 Nh7 17. f4 exf4 18. Bxf4 Bg5 19. Nc2 Bxf4 20. Rxf4 Qg5 21. Rcf1 Rae8 22. Bd3 Nc5 23. Nd4 Qe5 24. Nb5 f5 25. R4f3 Kg7 26. Kh1 Qe7 27. Qc3+ Nf6 28. Nd4 Qe5 29. Bxf5 gxf5 30. Nxf5+ Kh7 31. Qxe5 Rxe5 32. Nxd6 Nfd7 33. Rxf8 Nxf8 34. g4 Nfd7 35. gxh5 Rxh5 36. Re1 Kg6 37. Re2 Rh4 1/2-1/2

[Event "Turkey Cup 2020"]
[Site "Antalya-Belek"]
[Date "2020.01.31"]
[Round "9.10"]
[White "Samani, Yamac"]
[Black "Kul, Ozdemir Efe"]
[Result "1-0"]
[WhiteElo "2259"]
[BlackElo "1979"]
[Annotator "TA"]
[PlyCount "51"]
[EventDate "2020.01.26"]
[EventType "swiss"]
[EventCountry "TUR"]
[SourceTitle "playchess.com"]
[Source "ChessBase"]
[SourceQuality "1"]

1. e4 g6 2. d4 Bg7 3. Nc3 c6 4. h3 d5 5. e5 h5 6. Nf3 Nh6 7. Bf4 b6 8. Qd2 a5 9. O-O-O b5 10. Bd3 Bf5 11. Bxf5 gxf5 12. e6 fxe6 13. Ng5 Bf6 14. Nxe6 Qc8 15. Nc7+ Kf7 16. Nxa8 Nd7 17. Bxh6 Qxa8 18. Bg5 Nb6 19. Bxf6 exf6 20. Qf4 Qb7 21. Qxf5 a4 22. Rde1 b4 23. Qe6+ Kg7 24. Qe7+ Qxe7 25. Rxe7+ Kg6 26. Rb7 1-0

[Event "Turkey Cup 2020"]
[Site "Antalya-Belek"]
[Date "2020.01.31"]
[Round "9.11"]
[White "Aydincelebi, Kagan"]
[Black "Yelligedik, Murat"]
[Result "0-1"]
[WhiteElo "2249"]
[BlackElo "2056"]
[Annotator "TA"]
[PlyCount "86"]
[EventDate "2020.01.26"]
[EventType "swiss"]
[EventCountry "TUR"]
[SourceTitle "playchess.com"]
[Source "ChessBase"]
[SourceQuality "1"]

1. e4 c5 2. Nf3 Nc6 3. Bb5 e6 4. O-O Nge7 5. Re1 Ng6 6. c3 d5 7. Qa4 Be7 8. exd5 Qxd5 9. c4 Qd6 10. Bxc6+ bxc6 11. Nc3 f5 12. d4 Bd7 13. dxc5 Qc7 14. Bg5 Bxc5 15. b4 h6 16. Be3 Be7 17. Bc5 Bf6 18. Qc2 Kf7 19. Rad1 Rad8 20. Bd6 Qb7 21. Na4 Bc8 22. a3 Qa6 23. Qb3 Rhe8 24. Nc5 Qb6 25. Na4 Qb7 26. c5 Kg8 27. Nb2 Qf7 28. Ne5 Nxe5 29. Bxe5 Rxd1 30. Qxd1 Rd8 31. Qb3 Rd5 32. Nc4 Ba6 33. Nd6 Qg6 34. Bxf6 Qxf6 35. h3 Kh7 36. a4 Bd3 37. Re3 Qa1+ 38. Kh2 Qf1 39. Qc3 f4 40. Ne8 e5 41. Rxe5 f3 42. Kg3 fxg2 43. Nf6+ gxf6 0-1

[Event "Turkey Cup 2020"]
[Site "Antalya-Belek"]
[Date "2020.01.31"]
[Round "9.12"]
[White "Demirbag, Alihan"]
[Black "Agdelen, Huseyin Can"]
[Result "1/2-1/2"]
[WhiteElo "2104"]
[BlackElo "2199"]
[Annotator "TA"]
[PlyCount "64"]
[EventDate "2020.01.26"]
[EventType "swiss"]
[EventCountry "TUR"]
[SourceTitle "playchess.com"]
[Source "ChessBase"]
[SourceQuality "1"]

1. e4 c5 2. Nc3 Nc6 3. g3 g6 4. d3 Bg7 5. Bg2 Rb8 6. f4 b5 7. Nf3 b4 8. Nd5 e6 9. Ne3 d5 10. f5 dxe4 11. fxg6 hxg6 12. Nd2 Nf6 13. O-O O-O 14. Nxe4 Nxe4 15. Bxe4 Ne5 16. Qe2 Bb7 17. Qg2 Bxe4 18. Qxe4 Qd4 19. Qxd4 cxd4 20. Ng2 Rfc8 21. Rf2 Rb7 22. Bf4 a5 23. Bxe5 Bxe5 24. g4 Rbc7 25. Rc1 g5 26. Re1 f6 27. Ree2 Rh7 28. h4 gxh4 29. g5 Rc5 30. gxf6 Bg3 31. Rf3 Kf7 32. Nf4 Bxf4 1/2-1/2

[Event "Turkey Cup 2020"]
[Site "Antalya-Belek"]
[Date "2020.01.31"]
[Round "9.13"]
[White "Ozer, Omer Faruk"]
[Black "Ozguner, Hakki Ata"]
[Result "1/2-1/2"]
[WhiteElo "2338"]
[BlackElo "2077"]
[Annotator "RC"]
[PlyCount "53"]
[EventDate "2020.01.26"]
[EventType "swiss"]
[EventCountry "TUR"]
[SourceTitle "playchess.com"]
[Source "ChessBase"]
[SourceQuality "1"]

1. e4 c5 2. Nf3 e6 3. d3 Nc6 4. g3 g6 5. Bg2 Bg7 6. O-O Nf6 7. c3 O-O 8. e5 Nd5 9. Re1 d6 10. exd6 Qxd6 11. Nbd2 b6 12. a4 Bb7 13. a5 Rad8 14. Nc4 Qc7 15. axb6 axb6 16. Qb3 Ra8 17. Bd2 Ba6 18. Ng5 b5 19. Ne3 c4 20. dxc4 bxc4 21. Qa4 Ne5 22. Nxd5 exd5 23. Bf4 h6 24. Nf3 Nxf3+ 25. Bxf3 Qb6 26. Qd7 Bc8 27. Qxd5 1/2-1/2

[Event "Turkey Cup 2020"]
[Site "Antalya-Belek"]
[Date "2020.01.31"]
[Round "9.14"]
[White "Kamer, Kayra"]
[Black "Kilic, Eray"]
[Result "0-1"]
[WhiteElo "2348"]
[BlackElo "2069"]
[Annotator "TA"]
[PlyCount "60"]
[EventDate "2020.01.26"]
[EventType "swiss"]
[EventCountry "TUR"]
[SourceTitle "playchess.com"]
[Source "ChessBase"]
[SourceQuality "1"]

1. Nc3 c5 2. Ne4 e6 3. Ng3 d5 4. Nf3 Nf6 5. d3 Nc6 6. e4 dxe4 7. Nxe4 Be7 8. Nxf6+ Bxf6 9. g3 b6 10. Bg2 Bb7 11. O-O O-O 12. Re1 Qe7 13. Nd2 Rfd8 14. Ne4 Be5 15. Qh5 f6 16. f4 Bd4+ 17. Kh1 Nb4 18. Re2 c4 19. dxc4 Bc5 20. Nc3 Rd6 21. a3 Rad8 22. Be3 Bxe3 23. axb4 Rd2 24. Be4 f5 25. Rxe3 fxe4 26. Qe5 Qxb4 27. Qxe6+ Kh8 28. Rae1 Qxb2 29. Ne2 Qxc2 30. f5 Bc8 0-1

[Event "Turkey Cup 2020"]
[Site "Antalya-Belek"]
[Date "2020.01.31"]
[Round "9.15"]
[White "Ozenir, Ekin Baris"]
[Black "Koc, Ilkay"]
[Result "1-0"]
[WhiteElo "2285"]
[BlackElo "2007"]
[Annotator "TA"]
[PlyCount "83"]
[EventDate "2020.01.26"]
[EventType "swiss"]
[EventCountry "TUR"]
[SourceTitle "playchess.com"]
[Source "ChessBase"]
[SourceQuality "1"]

1. d4 e6 2. e4 d5 3. Nd2 c5 4. Ngf3 Nc6 5. exd5 exd5 6. Bb5 Nf6 7. O-O Be7 8. dxc5 O-O 9. Nb3 Ne4 10. Be3 Bg4 11. Be2 Rc8 12. Re1 a5 13. a4 Qd7 14. c3 Rfd8 15. Qc2 Qc7 16. Rad1 Bf5 17. Bd3 Bg6 18. Qc1 Qb8 19. Qa1 Qa7 20. Qa3 Qa8 21. Qa2 Qa7 22. h3 Kh8 23. Bb5 f6 24. Nfd4 Bf7 25. Nf5 Bf8 26. Qa3 b6 27. Bxc6 Rxc6 28. Nfd4 Rcc8 29. cxb6 Bxa3 30. bxa7 Bxb2 31. Nxa5 Bxc3 32. Nac6 Re8 33. Nb8 Rxb8 34. axb8=Q Rxb8 35. Re2 Be8 36. Ra2 Ba5 37. Rc1 Kg8 38. Nc6 Ra8 39. Nxa5 Rxa5 40. Rc8 Kf7 41. Rc7+ Kg6 42. f3 1-0

[Event "Turkey Cup 2020"]
[Site "Antalya-Belek"]
[Date "2020.01.31"]
[Round "9.16"]
[White "Ibik, Halit Yavuz"]
[Black "Kilic, Efe Mert"]
[Result "1/2-1/2"]
[WhiteElo "1952"]
[BlackElo "2247"]
[Annotator "TA"]
[PlyCount "45"]
[EventDate "2020.01.26"]
[EventType "swiss"]
[EventCountry "TUR"]
[SourceTitle "playchess.com"]
[Source "ChessBase"]
[SourceQuality "1"]

1. e4 c5 2. Nf3 Nc6 3. d4 cxd4 4. Nxd4 Nf6 5. Nc3 d6 6. f3 e5 7. Nb3 Be6 8. Be3 Be7 9. Qd2 O-O 10. O-O-O a5 11. Bb5 Na7 12. Be2 Nc8 13. a4 Nb6 14. Kb1 Nc4 15. Bxc4 Bxc4 16. Qf2 Qe8 17. Bb6 Bxb3 18. cxb3 Qd7 19. g4 Qe6 20. Nd5 Nxd5 21. Rxd5 f5 22. gxf5 Rxf5 23. Bxa5 1/2-1/2

[Event "Turkey Cup 2020"]
[Site "Antalya-Belek"]
[Date "2020.01.31"]
[Round "9.17"]
[White "Karaoglan, Doruk"]
[Black "Kilic, Gokturk Kagan"]
[Result "1-0"]
[WhiteElo "2222"]
[BlackElo "1923"]
[Annotator "TA"]
[PlyCount "73"]
[EventDate "2020.01.26"]
[EventType "swiss"]
[EventCountry "TUR"]
[SourceTitle "playchess.com"]
[Source "ChessBase"]
[SourceQuality "1"]

1. e4 e5 2. Nf3 Nc6 3. Nc3 Bb4 4. Nd5 Ba5 5. c3 d6 6. b4 Bb6 7. a4 a6 8. Nxb6 cxb6 9. Bc4 Nf6 10. d3 h6 11. Qb3 O-O 12. h3 Ne7 13. O-O Ng6 14. Be3 Nh5 15. Rfd1 Nhf4 16. Rd2 Qf6 17. Qd1 Be6 18. Ba2 d5 19. Bb1 dxe4 20. dxe4 Rfd8 21. Kh2 Bc4 22. Ng1 Rxd2 23. Qxd2 Bf1 24. g3 Nxh3 25. Ba2 Nxg1 26. Kxg1 Bh3 27. Qe2 Rc8 28. Rc1 Nf8 29. Bd5 Rc7 30. Qh5 Bd7 31. f4 Ng6 32. fxe5 Nxe5 33. Bf4 Nd3 34. Rf1 Rxc3 35. Be3 Qe5 36. Qxf7+ Kh7 37. Qg8+ 1-0

[Event "Turkey Cup 2020"]
[Site "Antalya-Belek"]
[Date "2020.01.31"]
[Round "9.18"]
[White "Can, Furkan"]
[Black "Ozkan, Ervin"]
[Result "1/2-1/2"]
[WhiteElo "1980"]
[BlackElo "2185"]
[Annotator "TA"]
[PlyCount "78"]
[EventDate "2020.01.26"]
[EventType "swiss"]
[EventCountry "TUR"]
[SourceTitle "playchess.com"]
[Source "ChessBase"]
[SourceQuality "1"]

1. d4 d5 2. Nf3 Nf6 3. e3 e6 4. Bd3 c5 5. c3 Be7 6. Nbd2 O-O 7. O-O b6 8. e4 Ba6 9. Bxa6 Nxa6 10. e5 Nd7 11. Qe2 Qc8 12. Nb3 Nc7 13. Bg5 Bxg5 14. Nxg5 h6 15. Nh3 a5 16. f4 a4 17. Nd2 cxd4 18. cxd4 Qa6 19. Qe3 Qb5 20. Rab1 a3 21. bxa3 Qa4 22. Rf3 Nb5 23. Rb4 Qa5 24. Nb3 Qa6 25. f5 exf5 26. Rg3 Kh7 27. Qd3 Nxa3 28. Qxf5+ g6 29. Qxd7 Qe2 30. Rf3 Qe1+ 31. Rf1 Qxb4 32. Rxf7+ Rxf7 33. Qxf7+ Kh8 34. Qf6+ Kh7 35. Qf7+ Kh8 36. Qf6+ Kh7 37. Qf7+ Kh8 38. Qf6+ Kh7 39. Qf7+ Kh8 1/2-1/2

[Event "Turkey Cup 2020"]
[Site "Antalya-Belek"]
[Date "2020.01.31"]
[Round "9.19"]
[White "Gunduz, Umut Erdem"]
[Black "Dogdu, Mehmet"]
[Result "1-0"]
[WhiteElo "2193"]
[BlackElo "1914"]
[Annotator "TA"]
[PlyCount "65"]
[EventDate "2020.01.26"]
[EventType "swiss"]
[EventCountry "TUR"]
[SourceTitle "playchess.com"]
[Source "ChessBase"]
[SourceQuality "1"]

1. e4 e5 2. Nf3 Nf6 3. Nxe5 d6 4. Nf3 Nxe4 5. Nc3 Nxc3 6. dxc3 Be7 7. Bf4 Nc6 8. Qd2 O-O 9. O-O-O a5 10. Bd3 a4 11. a3 Ra5 12. c4 Bf6 13. h4 Bf5 14. Ng5 Bxd3 15. Qxd3 g6 16. Ne4 Bg7 17. Bg5 f6 18. Bd2 Ne5 19. Qh3 Ra8 20. h5 Qc8 21. Qh2 Kf7 22. Bc3 Qf5 23. f3 Rad8 24. g4 Nxg4 25. fxg4 Qxe4 26. Rhg1 Rde8 27. Rdf1 Kg8 28. Kb1 Qxc4 29. hxg6 hxg6 30. Rh1 Re6 31. Qh7+ Kf7 32. g5 Rh8 33. gxf6 1-0

[Event "Turkey Cup 2020"]
[Site "Antalya-Belek"]
[Date "2020.01.31"]
[Round "9.20"]
[White "Kara, Yanki"]
[Black "Sar, Can"]
[Result "1-0"]
[WhiteElo "2175"]
[BlackElo "1891"]
[Annotator "TA"]
[PlyCount "83"]
[EventDate "2020.01.26"]
[EventType "swiss"]
[EventCountry "TUR"]
[SourceTitle "playchess.com"]
[Source "ChessBase"]
[SourceQuality "1"]

1. e4 c5 2. b3 e6 3. Bb2 Nc6 4. Nf3 a6 5. g3 Qc7 6. Bg2 Nf6 7. e5 Ng4 8. Qe2 Nh6 9. O-O Be7 10. Re1 O-O 11. c3 b5 12. d4 cxd4 13. cxd4 Bb7 14. d5 exd5 15. Nc3 Nb4 16. Rad1 Nf5 17. a3 d4 18. Nxd4 Nxd4 19. Rxd4 Bxg2 20. Kxg2 Nc6 21. Nd5 Qb7 22. Qf3 Rae8 23. Rg4 g6 24. Kg1 Bd8 25. Qc3 Re6 26. Nf4 b4 27. axb4 Be7 28. Nxe6 dxe6 29. Qf3 Qb5 30. Qe2 Qb6 31. Rc4 Nxb4 32. Ba3 Nd5 33. Bxe7 Nxe7 34. Qe3 Qb7 35. Rec1 Nd5 36. Qh6 Re8 37. Rh4 Qxb3 38. Qxh7+ Kf8 39. Rhc4 Qb8 40. Qh6+ Ke7 41. Qg5+ Kf8 42. Rh4 1-0

[Event "Turkey Cup 2020"]
[Site "Antalya-Belek"]
[Date "2020.01.31"]
[Round "9.21"]
[White "Erdogan, Anil Berk"]
[Black "Yasin, Hur"]
[Result "1-0"]
[WhiteElo "2147"]
[BlackElo "1936"]
[Annotator "TA"]
[PlyCount "103"]
[EventDate "2020.01.26"]
[EventType "swiss"]
[EventCountry "TUR"]
[SourceTitle "playchess.com"]
[Source "ChessBase"]
[SourceQuality "1"]

1. e4 e6 2. d4 d5 3. Nc3 Bb4 4. Nge2 dxe4 5. a3 Be7 6. Nxe4 Nf6 7. N2g3 Nxe4 8. Nxe4 b6 9. Qf3 c6 10. c3 Ba6 11. Bxa6 Nxa6 12. Ng5 O-O 13. Nxh7 Nc7 14. Nxf8 Bxf8 15. Qxc6 Nd5 16. Qc4 Qh4 17. Qd3 e5 18. dxe5 Rd8 19. O-O Bc5 20. Qg3 Qe4 21. Bh6 Qh7 22. Bg5 Re8 23. Rad1 Nc7 24. Rd8 Rxd8 25. Bxd8 Ne6 26. Bg5 Qc2 27. b4 Bf8 28. f4 g6 29. Bf6 Bg7 30. Qf3 Bxf6 31. exf6 Qf5 32. Qa8+ Kh7 33. Qxa7 Qxf6 34. Qxb6 Qxc3 35. Qb7 Kg7 36. Qf3 Qf6 37. Qe3 Qd8 38. f5 gxf5 39. Rxf5 Qd1+ 40. Rf1 Qd5 41. Qf3 Qd4+ 42. Qf2 Qd7 43. b5 Kf8 44. b6 Nd8 45. Qc5+ Kg8 46. a4 Nb7 47. Qg5+ Kf8 48. a5 Qd4+ 49. Kh1 Nd6 50. Qf4 Qd5 51. b7 Nxb7 52. a6 1-0

[Event "Turkey Cup 2020"]
[Site "Antalya-Belek"]
[Date "2020.01.31"]
[Round "9.22"]
[White "Ozalp, Burak"]
[Black "Kesgin, Halit Kaan"]
[Result "0-1"]
[WhiteElo "1897"]
[BlackElo "2061"]
[Annotator "NA RC"]
[PlyCount "124"]
[EventDate "2020.01.26"]
[EventType "swiss"]
[EventCountry "TUR"]
[SourceTitle "playchess.com"]
[Source "ChessBase"]
[SourceQuality "1"]

1. e4 e6 2. d4 d5 3. Nc3 Bb4 4. Nge2 dxe4 5. a3 Be7 6. Nxe4 Nf6 7. Qd3 O-O 8. Bf4 Nbd7 9. Nxf6+ Bxf6 10. O-O-O Bg5 11. Qg3 Bxf4+ 12. Nxf4 Nf6 13. Bd3 b6 14. Rhe1 Bb7 15. Re5 h6 16. Qh3 c5 17. dxc5 Qc7 18. Rde1 bxc5 19. c3 c4 20. Bc2 Rad8 21. Nh5 Nxh5 22. Qxh5 Rd5 23. Rxd5 Bxd5 24. g3 Qb6 25. Re2 Qc6 26. Qe5 Qb6 27. Qd4 Qxd4 28. cxd4 Rd8 29. Kd2 Kf8 30. Kc3 Rb8 31. f4 g6 32. h4 Ke7 33. Re5 Kd6 34. Re2 Bf3 35. Rf2 Bd5 36. Rh2 Ke7 37. h5 gxh5 38. Rxh5 Rg8 39. Rxh6 Rxg3+ 40. Kd2 Rg4 41. f5 Rxd4+ 42. Kc3 Rf4 43. fxe6 fxe6 44. Rh7+ Kd6 45. Rxa7 Kc5 46. Rc7+ Kd6 47. Rh7 Rf3+ 48. Kd2 Rf2+ 49. Kc3 Rxc2+ 50. Kxc2 Be4+ 51. Kc3 Bxh7 52. Kxc4 e5 53. a4 Bg8+ 54. Kc3 Kd5 55. b4 Bh7 56. a5 Kc6 57. Kc4 Bg8+ 58. Kd3 Bd5 59. Kd2 Kb5 60. Kc3 Ba8 61. Kb3 Bb7 62. Kc3 Bd5 0-1

[Event "Turkey Cup 2020"]
[Site "Antalya-Belek"]
[Date "2020.01.31"]
[Round "9.23"]
[White "Ozdemir, Serhan Berat"]
[Black "Temizer, Umut"]
[Result "1-0"]
[WhiteElo "2139"]
[BlackElo "1927"]
[Annotator "TA"]
[PlyCount "67"]
[EventDate "2020.01.26"]
[EventType "swiss"]
[EventCountry "TUR"]
[SourceTitle "playchess.com"]
[Source "ChessBase"]
[SourceQuality "1"]

1. e4 c5 2. Nf3 g6 3. d4 cxd4 4. Qxd4 Nf6 5. e5 Nc6 6. Qa4 Nd5 7. Qe4 Nb6 8. Nc3 Bg7 9. Bf4 d5 10. exd6 Bf5 11. Qe3 O-O 12. O-O-O exd6 13. Rxd6 Qc8 14. Bh6 Re8 15. Qd2 Bh8 16. Bb5 a6 17. Be2 Re6 18. Rd1 Qe8 19. Be3 Rxd6 20. Qxd6 Rd8 21. Qa3 Rxd1+ 22. Kxd1 Qd8+ 23. Kc1 Bxc3 24. Qxc3 Nd5 25. Qd2 Ncb4 26. Bc4 Qa5 27. Bxd5 Nd3+ 28. cxd3 Qxd5 29. Bd4 Qxa2 30. Qf4 Qa1+ 31. Kd2 f6 32. Qb8+ Kg7 33. Qc7+ Kh6 34. Bxf6 1-0